| 000 | 00914nam a2200229Ia 4500 | ||
|---|---|---|---|
| 001 | Z_6048 | ||
| 008 | 220601s9999 xx 000 0 und d | ||
| 020 | _a968-463-121-9 | ||
| 082 | _a599.4 R66 | ||
| 100 |
_aRomero Almaraz, María de Lourdes _999513 |
||
| 245 | _aMurciélagos benéficos y vampiros : características, importancia, rabia, control y conservación / María de Lourdes Romero Almaraz; coautor Álvaro Aguilar Sateín; coautor Cornelio Sánchez Hernández | ||
| 260 | _aMéxico : AGT Editor IMSS | ||
| 300 | _axxi, 213 p. | ||
| 504 | _aIncluye bibliografía | ||
| 650 |
_a1. Murciélagos - México 2. Murciélagos - Hispanoamérica. _9183113 |
||
| 700 |
_aI. Aguilar-Setién, Álvaro, coaut. II. Sánchez-Hernández, Cornelio, coaut.Ì _9183114 |
||
| 901 | _a599.4 R66 | ||
| 902 | _aM | ||
| 905 | _a000000c2006 mx dmn 0000000000spa00 | ||
| 942 | _c1 | ||
| 999 |
_c217046 _d217046 |
||